000 nam a22 7a 4500
999 _c9973
_d9973
008 180209b ||||| |||| 00| 0 eng d
100 _aPerham, M
_96016
245 _aThe down mouse and the country mouse
260 _aLondon
_bLadybird Publication
_c1993